La niñez salvadoreña sí suda la camiseta
Gardado en:
| Formato: | Texto |
|---|---|
| Materias: | |
| Etiquetas: |
Engadir etiqueta
Sen Etiquetas, Sexa o primeiro en etiquetar este rexistro!
|
MARC
| LEADER | 00000 a a2200000 04500 | ||
|---|---|---|---|
| 001 | 6876 | ||
| 003 | |||
| 040 | |||
| 245 | |a La niñez salvadoreña sí suda la camiseta | ||
| 650 | |a NIÑEZ | ||
| 650 | |a TRABAJO DE MENORES | ||
| 650 | |a EL SALVADOR | ||
| 773 | |g volumen 28, número 1261; páginas 12-13 | ||
| 999 | |c 30425 |d 30425 | ||
